00651nam a2200205 a 450000100060000000300080000600500170001400800410003103500190007204000270009104100080011808200270012624501020015326000390025530000340029450400390032865000300036770000260039770000220042367341BD-RjUL20211209081635.0170323s1968 nyua b 001 0 eng  a(BD-RjUL)67472 aDLCcDLCdBD-RjULbeng aeng00a537.5352223bCHE 196800aChemical applications of Mössbauer spectroscopy /cedited by V. I. Goldanskii and R. H. Herber. aNew York :bAcademic Press,c1968. axiv, 701 p. :bill. ;c24 cm. aIncludes index and bibliographies. 0aMössbauer spectroscopy.1 aGolʹdanskiĭ, V. I.1 aHerber, Rolfe H.,